The ups and downs of a modern rent review (Record no. 49747)

MARC details
000 -LEADER
fixed length control field 01239cab a2200277 4500
001 - CONTROL NUMBER
control field ABS57167
008 - FIXED-LENGTH DATA ELEMENTS--GENERAL INFORMATION
fixed length control field 090401t1997 xxu||||| |||| 00| 0 eng d
035 ## - SYSTEM CONTROL NUMBER
System control number (Sirsi) u79150
041 ## - LANGUAGE CODE
Language code of text/sound track or separate title eng
100 ## - MAIN ENTRY--PERSONAL NAME
Personal name Phillips, R.
245 #4 - TITLE STATEMENT
Title The ups and downs of a modern rent review
260 ## - PUBLICATION, DISTRIBUTION, ETC.
Date of publication, distribution, etc. 1997
350 ## - PRICE (NR) (BK AM CF MU VM SE) [OBSOLETE]
Price 0
490 ## - SERIES STATEMENT
Series statement CSM (Chartered Surveyor Monthly)
Volume/sequential designation 6(9) June 1997, 32-33(2)
520 ## - SUMMARY, ETC.
Summary, etc. Considers four recent rent review cases "Royal Bank of Scotland v Jennings" (Abs57013), "Addin Investments Ltd v SoS Environment" (Abs56876), "Royal Insurance Property Services Ltd v Cliffway" (WB3247-33) and "Melanesian Mission Trust Board v Australian Mutual Provident Society" which show that results in these cases can be unpredictable. Also calls for better guidance on these legal points.
650 ## - SUBJECT ADDED ENTRY--TOPICAL TERM
Topical term or geographic name entry element ADDIN INVESTMENTS V SOS ENVIRONMENT
650 ## - SUBJECT ADDED ENTRY--TOPICAL TERM
Topical term or geographic name entry element BUSINESS TENANCIES
650 ## - SUBJECT ADDED ENTRY--TOPICAL TERM
Topical term or geographic name entry element MELANESIAN MISSION TRUST V AUSTRALIAN MUTUAL
650 ## - SUBJECT ADDED ENTRY--TOPICAL TERM
Topical term or geographic name entry element RENT REVIEW PROVISIONS
650 ## - SUBJECT ADDED ENTRY--TOPICAL TERM
Topical term or geographic name entry element RENT REVIEWS
650 ## - SUBJECT ADDED ENTRY--TOPICAL TERM
Topical term or geographic name entry element ROYAL BANK OF SCOTLAND V JENNINGS & OTHERS
650 ## - SUBJECT ADDED ENTRY--TOPICAL TERM
Topical term or geographic name entry element ROYAL INSURANCE PROPERTY SERVICES LTD V CLIFFWAY LTD
690 ## - LOCAL SUBJECT ADDED ENTRY--TOPICAL TERM (OCLC, RLIN)
Topical term or geographic name as entry element LANDLORD AND TENANT-CASE LAW-RENT REVIEWS
942 ## - ADDED ENTRY ELEMENTS (KOHA)
Suppress in OPAC 0
948 ## - LOCAL PROCESSING INFORMATION (OCLC); SERIES PART DESIGNATOR (RLIN)
c (OCLC) 24/06/1997
Holdings
Withdrawn status Lost status Source of classification or shelving scheme Damaged status Not for loan Home library Current library Shelving location Date acquired Total Checkouts Full call number Barcode Date last seen Copy number Price effective from Koha item type
    Dewey Decimal Classification     London London Journal article 14/09/1999   ABS57167 79150-1001 06/08/2019 1 06/08/2019 Journal article